Statistics for Biggest Cities in the European Union by Letter - C

Click here to take the quiz!

General Stats

  • This quiz has been taken 152 times
  • The average score is 11 of 20

Answer Stats

Rank Population Country Hint City % Correct
11,296,000DenmarkThe Little MermaidCopenhagen
100%
21,061,000GermanyGerman: KölnCologne
98%
4346,000United KingdomCapital of WalesCardiff
96%
19126,000IrelandIt's Corcaigh in IrishCork
88%
16155,000United KingdomUniversity cityCambridge
82%
15155,000ItalyCapital of SardiniaCagliari
73%
7314,000ItalyEtnaCatania
67%
5327,000SpainWarmest summer high temperatures in EuropeCórdoba
61%
6325,000RomaniaThe Heart of TransylvaniaCluj-Napoca
61%
3355,000United KingdomNo other UK-City is farther away from the coastCoventry
58%
13202,000BelgiumMuseum of Fine ArtsCharleroi
46%
20119,000SpainColumbus's second voyage began hereCádiz
45%
8284,000RomaniaBiggest Romanian port on the Black SeaConstanta
44%
12215,000SpainIn antiquity known as Carthago NovaCartagena
42%
10249,000GermanyFormerly called Karl-Marx-StadtChemnitz
42%
17141,000FranceMassif CentralClermont-Ferrand
40%
18129,000United KingdomClaims to be the oldest town in BritainColchester
28%
9269,000RomaniaUniversity townCraiova
25%
11228,000PolandPauline monastery of Jasna Gora (Black Madonna)Częstochowa
21%
14181,000SpainValencian city crossed by the Prime MeridianCastellón de la Plana
19%

Score Distribution

Percentile by Number Answered

Percent of People with Each Score

Your Score History

You have not taken this quiz